00824 2200241 4500001002100000008004100021035002000062245019600082100001600278700001800294250001000312260002900322300003000351020002200381084001800403520003200421520002500453082001100478650002300489863004800512990001100560990001100571INLIS000000000015383 ind  a0010-1222000462 aArus Listrik Menghasilkan Kilat, Petir dan HalilintarbElectric Current Generates the Lightning, Thunderbolt and ThunderclapcYoli Hemdi; penerjemah, Nur Lailatur Rofiah; editor, Arif Anggoro aYOLI, Hemdi aARIF, Anggoro acet.2 aJakarta :bLuxima,c2021 aiv, 33 hal.: ilus.c23 cm a978-602-268-210-3 a621.319 YOL a aBilingual Indonesia Inggris aBibliografi : hal.33 a621319 aTEKNOLOGI. LISTRIK aSeri Keajaiban Langit Sains dalam Al-Qur'an a9911 a a9911 b